000 01107nam a2200277 a 4500
001 000009497
003 DO-SdBNP
005 20250411101231.0
008 090930s1989 dr c r 000 0 spa d
040 _aDO-SdBNP
_bspa
_cBNPHU
082 _aRD861.3
_bU75p, 1989
245 1 0 _aPoesías completas /
_cSalomé Ureña de Enríquez ; prólogo y notas adicionales Diógenes Céspedes.
260 _aSanto Domingo :
_bFundación Corripio,
_c1989.
300 _a299 p. :
_bretr. ;
_c25 cm.
490 1 _aBiblioteca de clásicos dominicanos
_v7
500 _aIncluye datos biográficos de la autora en la solapa de la cubierta.
500 _aIncluye referencias bibliográficas y notas al pie de las páginas.
590 _aInventariado, 2018/BT
600 1 0 _aUreña de Henríquez, Salomé ,
_d1850-1897
_xCrítica e interpretación
_9920
650 0 _aPoesía dominicana
_966
650 0 _aLiteratura dominicana.
_967
700 1 2 _aCéspedes, Diógenes,
_d1941-
_epról.
_920548
830 0 _aBiblioteca de clásicos dominicanos
_n7
_924309
910 _aValidado. Control de calidad. MFF
942 _2ddc
_cLBS1
999 _c9257
_d9257